000 00915nam0a22002291 4500
001 rc\635700
005 20031121164540.3
035 _a(NLR Aleph) 005877586
090 _a6044242
_c6044242
100 _a20031121d1986 u |0rusy50 ca
101 0 _arus
102 _aRU
105 _aa |||||||||
200 1 _aТекучесть и стабилизация инженерно-технических работников на предприятиях Сибири
_fОтв. ред. Е.Г. Антосенков
_gАН СССР, Сиб. отд-ние, Ин-т экономики и орг. пром. пр-ва
210 _aНовосибирск
_cНаука. Сиб. отд-ние
_d1986
215 _a156, [2] с.
_cил.
_d20
700 1 _aМозырева
_bТ. А.
_gТамара Андреевна
801 0 _aRU
_bNLR
_gpsbo
801 1 _aRU
_bELAR
_2rusmarc
852 _aNLR
_j86-3/11144
942 _cBOOK
980 _aNB